| 000 | 01009nam a2200241Ia 4500 | ||
|---|---|---|---|
| 999 |
_c34407 _d34407 |
||
| 001 | 110 | ||
| 003 | GE_BSU | ||
| 005 | 20250402105114.0 | ||
| 008 | 181216s2007||||ge |||||||||||||| ||geo|| | ||
| 020 | _a9789994068593 | ||
| 040 | _cGE_BSU | ||
| 041 | _ageo | ||
| 080 | _a616.12(075.8) ტ–54 | ||
| 100 |
_aტვილდიანი, დავით _924460 |
||
| 245 |
_aგულის დაავადებათა ეკო დიაგნოსტიკა : _b[სახელმძღვ. უმაღლ. სამედ. სასწ. სტუდ.] / _cდავით ტვილდიანი. |
||
| 264 |
_aთბილისი, _c2007. |
||
| 300 |
_a352 გვ. : _bსურ. ; _c21 სმ. |
||
| 504 | _aბიბლიოგრ.: გვ. 347-349. | ||
| 653 | _aგულის დაავადებათა დიაგნოსტიკა | ||
| 653 | _aელექტროკარდიოგრაფია | ||
| 653 | _aმედიცინა | ||
| 942 |
_cBK _2udc |
||